00613nam a22001577a 4500003001100000005001700011008004100028040003900069041000800108100002300116245016000139260005500299942000700354952007900361999001500440LK-CoMWRAF20240131231610.0240131b |||||||| |||| 00| 0 eng d aLK-CoMWRAFdLK-CoMWRAFeLK-CoMWRAF aeng aLokuliyana, Lionel aGeneral intelligence tests for the govt. training college entrance examination, standard VIII selective examination and general use in post-primary classes aColombo :bM. D. Gunasena & company limited,c1954 cBK 00104070aMAINbMAINd2024-01-31l0pRAF4975r2024-01-31w2024-01-31yBK c4709d4709